| 000 | 003620000a22001330004500 | ||
|---|---|---|---|
| 003 | LK-CoMWRAF | ||
| 008 | 230817t ||||| |||| 00| 0 eng d | ||
| 040 |
_aLK-CoMWRAF _dLK-CoMWRAF _eLK-CoMWRAF |
||
| 041 | _aeng | ||
| 245 |
_aReflections 2005 _b |
||
| 260 |
_bWomen's Conference Secretariat _aIndia (Karnataka) _c |
||
| 650 | _aWomen's conference 2005 | ||
| 942 | _cBK | ||
| 999 |
_c2383 _d2383 |
||